00438nam a2200181Ia 4500003000400000005001700004008004100021020001300062040000700075041000800082082001300090100003100103245003700134260003900171300001600210365001300226650001700239OSt20230429124830.0210423s2002 xx 000 0 und d a71183744 cAL aeng a576 KUMH aKUMAR (H D);KUMAR (Swati). aModern concepts of microbiology. aNew DelhibW H Freeman & Co.c2002 axii,683bPB b295cINR aMicrobiology